000 00661nam a2200205 a 4500
005 20231101063708.0
008 160606s2014 mx r 000 0 spa d
020 _a9786074953763
035 _aUPN01000211157
049 _aCG
050 4 _aPQ7250
_bU4.7
245 0 0 _aÚltimos coros para la tierra prometida :
_b40 poetas jóvenes del Estado de México /
_cantologador Sergio Ernesto Ríos.
260 _aToluca :
_bGobierno del Estado de México :
_bFOEM,
_c2014.
300 _a276 p.
440 0 _aLetras.
_pPoesía
650 4 _aPoesía mexicana
_91273
700 1 _aRíos, Sergio Ernesto,
_d1981-
_ecomp.
_939499
905 _aLibro
999 _c183258
_d183258